| 000 | 01341nam a22002537a 4500 | ||
|---|---|---|---|
| 999 |
_c33882 _d33882 |
||
| 001 | 3187 | ||
| 003 | CO-MdFUSB | ||
| 005 | 20180622073133.0 | ||
| 008 | 180510t1958 ag ||||| |||| 00| 0 spa d | ||
| 040 |
_aCO-MdFUSB _bspa _cCO-MdFUSB _dCO-MdFUSBC _erda |
||
| 041 | 0 | _aspa | |
| 082 | 0 | 4 | _aG 230 G9844d |
| 100 | 1 |
_aGutiérrez Marín, Manuel _eautor |
|
| 245 | 0 |
_aDogmática Evangélica _c / Manuel Gutierrez Marín |
|
| 264 | 4 |
_aBuenos Aires, Argentina : _bLa Aurora, _c©1958 |
|
| 300 | _a175 Pag | ||
| 336 |
_2rdacontent _atexto _btxt |
||
| 337 |
_2rdamedia _asin mediación _bn |
||
| 338 |
_2rdacarrier _avolumen _bnc |
||
| 500 | _aLibro en reparación | ||
| 505 | 0 | 0 | _a- La revelación - Dios como personalidad absoluta - Los atributos de Dios - La trinidad - La predenstinación - La creación - La providencia - El hombre - El pecado - Cristologia - Ampliación de la doctina del "Munus Regium" - Doctrina de la gracia - La vocación y la iluminación - La conversión y el arrepentimiento - La fe y la justificación - La regeneración y la santificicación - La iglesia - Los medios de la gracia - Los medios de la gracia - La palabra de Dios - La palabra de Dios y la Biblia - Los sacramentos - El bautismo - La Santa Cena - La escatología - |
| 650 | 0 |
_aTeología dogmática _91260 _xHistoria _yEdad Media, 600-1500 |
|
| 942 | _cBK | ||